[Event "GCT Saint Louis Blitz 2019"]
[Site "Saint Louis"]
[Date "2019.08.13"]
[Round "1"]
[White "Carlsen, Magnus"]
[Black "Vachier-Lagrave, Maxime"]
[Result "1-0"]
[WhiteElo "2882"]
[BlackElo "2778"]
[Annotator "TA"]
[PlyCount "117"]
[EventDate "2019.08.13"]
[EventType "tourn"]
[EventCountry "USA"]
[SourceTitle "playchess.com"]
[Source "ChessBase"]
[SourceQuality "1"]

{[%evp 9,179,19,37,18,18,0,0,0,0,0,0,0,27,0,30,31,33,31,27,12,33,29,25,18,9,8,88,56,58,49,102,69,100,77,108,37,105,79,70,56,111,111,122,121,110,110,126,76,75,30,93,106,176,159,258,256,277,259,493,491,491,483,469,469,453,454,449,382,370,333,320,218,305,274,260,169,159,112,122,8,8,8,8,8,8,8,650,508,333,333,322,327,322,322,318,320,320,230,29977,29978,29978,29979,29979,29980,29980,29981,29980,29958,29959,29957,29955,29960,29955,29958,29957,29950,29959,29966,29964,29970,29963,29971,29961,29969,29970,29971,29980,29981,29981,29982,29983,29984,29984,29985,29987,29966,29985,29983,29988,29983,29983,29984,29988,29989,29989,29990,29990,29989,29989,29990,29990,29989,29990,29990,29991,29992,29992,29993,29993,29994,29995,0,29993,29994,29994,29993,29994,29994,29994,29995,29996,5118]} 1. d4 Nf6 2. c4 g6 3. h4 Bg7 (3... c5 4. d5 b5 5. cxb5 a6 6. bxa6 Bg7 7. Nc3 O-O 8. e4 d6 9. Nf3 Qa5 10. Bd2 Bxa6 {½-½ (68) Topalov,V (2780)-Giri,A (2793) Moscow 2016}) 4. Nc3 c5 5. d5 e6 6. e4 $146 {E60: King's Indian: Unusual lines and Fianchetto Variation without Nc3} ({Predecessor:} 6. Bg5 Qa5 7. Qd2 exd5 8. cxd5 O-O 9. e4 Re8 10. O-O-O d6 {0-1 (34) Le Ruyet,L (2221)-Berchtenbreiter,M (2336) Pardubice 2012}) 6... exd5 7. exd5 O-O $1 8. Be2 {The position is equal.} Re8 9. Kf1 a6 10. a4 d6 11. h5 Ne4 12. Nxe4 Rxe4 13. hxg6 hxg6 14. Nf3 Bg4 15. Bg5 Bf6 16. Be3 Nd7 17. Nd2 $36 {[%mdl 2048] Black is under pressure.} Rxe3 (17... Bxe2+ $11 {keeps the balance.} 18. Qxe2 Re5) 18. fxe3 $16 Bxe2+ 19. Qxe2 Qe7 (19... Bxb2 $14 20. Rb1 Bc3) 20. Rh3 Re8 21. Rb1 Bg5 22. Re1 (22. Nf3 $16) 22... Qf6+ (22... Nf6 $14) 23. Qf2 Qxb2 24. Nf3 $1 Qxf2+ (24... Qf6 $1 $14) 25. Kxf2 Bf6 26. Rb1 b6 27. Ke2 Re4 28. Kd3 Rg4 29. g3 (29. a5 $5 {[%cal Ra5b6]} b5 30. cxb5 c4+ 31. Ke2 Rxg2+ 32. Kf1 $14) 29... Kf8 {[#]} (29... Kg7 $11) 30. a5 $1 {[%cal Ra5b6]} bxa5 (30... b5 $16) 31. Rb7 $18 Ke7 (31... Ke8 $16 32. Ra7 Be5 33. Rxa6 Rxg3 34. Rxg3 Bxg3 35. Rxa5 Ne5+ 36. Nxe5 Bxe5) 32. Ra7 a4 33. Rxa6 Ne5+ $2 (33... Be5 {might work better.} 34. Ra7 (34. Rxa4 Rxg3 35. Rxg3 Bxg3 $16) 34... Ke8) 34. Nxe5 Bxe5 {[%mdl 4096] Endgame KRR-KRB} 35. Ra7+ Kf6 36. Rh7 Rxg3 37. Rhxf7+ Kg5 38. Rxa4 Rg1 39. Ra2 Kg4 40. Re7 {Rxe5! is the strong threat.} Bg3 41. Re6 g5 42. Ra6 Rd1+ 43. Ke4 Rc1 44. Raxd6 ({Better is} 44. Ra4 $16) 44... Bxd6 $11 45. Rxd6 {Black must now prevent Kd3.} Rxc4+ $16 {KR-KR} 46. Kd3 Rc1 47. Rf6 {aiming for Kd2.} c4+ $2 {[%mdl 8192]} (47... Rd1+ $11 48. Kc4 Rc1+ 49. Kd3 Rd1+ 50. Kc4 Rc1+ 51. Kb5 c4) 48. Kd2 $18 Ra1 49. d6 {Hoping for d7.} Ra3 50. e4 Rd3+ 51. Kc2 Kh3 {and the idea ...g4 leaves Black hopeful.} 52. e5 g4 {Now ...g3 and Black clings on.} 53. Rh6+ Kg2 $2 {[#]} (53... Kg3 $18 54. e6 Rxd6) 54. Rh7 $1 g3 55. d7 Kf2 56. e6 g2 57. Rf7+ Ke2 58. Rg7 Kf2 59. e7 {Played: Rg7xg2} 1-0

[Event "GCT Saint Louis Blitz 2019"]
[Site "Saint Louis"]
[Date "2019.08.13"]
[Round "1"]
[White "Caruana, Fabiano"]
[Black "Rapport, Richard"]
[Result "0-1"]
[WhiteElo "2818"]
[BlackElo "2747"]
[Annotator "RC"]
[PlyCount "102"]
[EventDate "2019.08.13"]
[EventType "tourn"]
[EventCountry "USA"]
[SourceTitle "playchess.com"]
[Source "ChessBase"]
[SourceQuality "1"]
[TimeMode "Bronstein"]
[TimeControl "300+3"]

1. e4 {[%emt 0:00:00]} g6 {[%emt 0:00:00]} 2. d4 {[%emt 0:00:00]} c6 {[%emt 0:00:00]} 3. c4 {[%emt 0:00:02]} Bg7 {[%emt 0:00:00]} 4. Nc3 {[%emt 0:00:02]} d6 {[%emt 0:00:00]} 5. f4 {[%emt 0:00:06]} Qb6 {[%emt 0:00:00]} 6. e5 {[%emt 0:00:12]} Nh6 {[%emt 0:00:02]} 7. Be2 {[%emt 0:00:41]} O-O {[%emt 0:00:02]} 8. Nf3 {[%emt 0:00:03]} Bg4 {[%emt 0:00:02]} 9. Qb3 {[%emt 0:00:14]} Nf5 {[%emt 0:00:05]} 10. Qxb6 {[%emt 0:00:24]} axb6 {[%emt 0:00:03]} 11. d5 {[%emt 0:00:54]} Bxf3 {[%emt 0:00:05]} 12. Bxf3 {[%emt 0:00:03]} dxe5 {[%emt 0:00:06]} 13. fxe5 {[%emt 0:00:17]} Bxe5 {[%emt 0:00:11]} 14. O-O {[%emt 0:00:05]} Na6 {[%emt 0:00:29]} 15. dxc6 {[%emt 0:00:07]} bxc6 {[%emt 0:00:03]} 16. Bxc6 {[%emt 0:00:03]} Rad8 {[%emt 0:00:12]} 17. Be4 {[%emt 0:00:11]} Nd6 {[%emt 0:00:18]} 18. Bf3 {[%emt 0:00:22]} Nc5 {[%emt 0:00:50]} 19. Nd5 {[%emt 0:00:10]} e6 {[%emt 0:00:04]} 20. Ne7+ {[%emt 0:00:03]} Kg7 {[%emt 0:00:06]} 21. Nc6 {[%emt 0:00:03]} Nxc4 {[%emt 0:00:16]} 22. Be2 {[%emt 0:00:09]} Rc8 {[%emt 0:00:16]} 23. Nxe5 {[%emt 0:00:14]} Nxe5 {[%emt 0:00:03]} 24. Be3 {[%emt 0:00:03]} f6 {[%emt 0:00:17]} 25. a4 {[%emt 0:00:16]} Ra8 {[%emt 0:00:13]} 26. a5 {[%emt 0:00:08]} Nb3 {[%emt 0:00:03]} 27. Bxb6 {[%emt 0:00:11]} Nxa1 {[%emt 0:00:04]} 28. Rxa1 {[%emt 0:00:03]} Rfb8 {[%emt 0:00:03]} 29. Bd4 {[%emt 0:00:05]} Nc6 {[%emt 0:00:04]} 30. Bc3 {[%emt 0:00:03]} Nxa5 {[%emt 0:00:04]} 31. Bf3 {[%emt 0:00:16]} Ra7 {[%emt 0:00:08]} 32. b4 {[%emt 0:00:32]} Nc6 {[%emt 0:00:20]} 33. Bxc6 {[%emt 0:00:03]} Rxa1+ {[%emt 0:00:03]} 34. Bxa1 {[%emt 0:00:03]} Rxb4 {[%emt 0:00:03]} 35. Kf2 {[%emt 0:00:05]} h5 {[%emt 0:00:10]} 36. Bf3 {[%emt 0:00:03]} e5 {[%emt 0:00:07]} 37. Bc3 {[%emt 0:00:03]} Ra4 {[%emt 0:00:03]} 38. h3 {[%emt 0:00:03]} h4 {[%emt 0:00:09]} 39. Be2 {[%emt 0:00:03]} g5 {[%emt 0:00:07]} 40. Bb2 {[%emt 0:00:05]} Kg6 {[%emt 0:00:04]} 41. Bc3 {[%emt 0:00:03]} Ra3 {[%emt 0:00:16]} 42. Bb4 {[%emt 0:00:03]} Rb3 {[%emt 0:00:04]} 43. Bd6 {[%emt 0:00:03]} Kf5 {[%emt 0:00:10]} 44. Bc5 {[%emt 0:00:03]} Kf4 {[%emt 0:00:05]} 45. Bd6 {[%emt 0:00:03]} f5 {[%emt 0:00:13]} 46. Be7 {[%emt 0:00:03]} Rb2 {[%emt 0:00:06]} 47. Bc5 {[%emt 0:00:04]} g4 {[%emt 0:00:03]} 48. hxg4 {[%emt 0:00:03]} fxg4 {[%emt 0:00:03]} 49. Be3+ {[%emt 0:00:03]} Ke4 {[%emt 0:00:16]} 50. Bc5 {[%emt 0:00:11]} h3 {[%emt 0:00:04]} 51. gxh3 {[%emt 0:00:03]} gxh3 {[%emt 0:00:03]} 0-1

[Event "GCT Saint Louis Blitz 2019"]
[Site "Saint Louis"]
[Date "2019.08.13"]
[Round "1"]
[White "Aronian, Levon"]
[Black "Karjakin, Sergey"]
[Result "1/2-1/2"]
[WhiteElo "2765"]
[BlackElo "2750"]
[Annotator "TA"]
[PlyCount "134"]
[EventDate "2019.08.13"]
[EventType "tourn"]
[EventCountry "USA"]
[SourceTitle "playchess.com"]
[Source "ChessBase"]
[SourceQuality "1"]

{[%evp 18,134,24,13,26,18,15,27,24,12,8,0,17,12,20,20,18,12,27,19,21,21,23,16,25,7,39,0,0,2,77,77,77,77,93,93,87,88,175,203,201,172,193,136,136,133,141,136,119,72,167,143,219,152,152,152,152,149,143,161,152,111,111,119,137,134,187,93,135,97,193,127,153,127,127,125,127,127,116,49,119,119,140,53,53,53,92,92,92,92,92,92,78,78,73,0,114,114,114,0,0,0,0,0,0,0,0,0,8,8,8,8,8,8,8,8,8,8,8]} 1. e4 e5 2. Nf3 Nc6 3. Bb5 Nf6 4. O-O Nxe4 5. d4 Nd6 6. Bxc6 dxc6 7. dxe5 Nf5 8. Qxd8+ Kxd8 9. Nc3 Ke8 10. h3 h5 {C67: Ruy Lopez: Berlin Defence: 4 0-0 Nxe4} 11. Bg5 Be6 12. Rfd1 $146 ({Predecessor:} 12. Rad1 Be7 13. Rfe1 Rd8 14. Rxd8+ Kxd8 15. b3 Ke8 {½-½ (32) Anand,V (2773)-Nakamura,H (2746) Kolkata 2018}) 12... Be7 {White has an edge.} 13. Rd2 Rd8 {Strongly threatening ...Bxg5.} 14. Rxd8+ Bxd8 15. Rd1 {[%csl Gg5][%cal Rd1d8]} Be7 16. b3 h4 17. Kf1 (17. Bc1 a5 18. Ne2 {1-0 (69) Aronian,L (2767)-Karjakin,S (2773) Saint Louis 2018}) 17... Rh5 18. Bc1 b6 19. Ne2 Bc8 20. Nf4 Rh6 21. Nh2 Bg5 22. Ng4 Bxf4 23. Bxf4 {Black must now prevent Bg5.} Rh5 (23... Re6 $1 $11 {remains equal.}) 24. e6 $1 $16 Bxe6 25. Bxc7 f6 {[#]} 26. Rd8+ $1 Ke7 27. Ra8 Nd4 (27... Nd6 $16 {keeps fighting.}) 28. Bd8+ $18 (28. Rxa7 Nb5 $16) 28... Kd6 29. Rxa7 Ra5 30. Be7+ ({But not} 30. Rxg7 $6 Rxa2 31. Be7+ Kd5 $16) ({Much less strong is} 30. Bxb6 $6 Rxa7 31. Bxa7 Nxc2 $14) (30. Bc7+ $18 Kd7 31. Bxb6+ (31. Rxa5 bxa5 32. Bxa5 Nxc2 $16) 31... Rxa7 32. Bxa7 Nxc2 33. Bc5) 30... Kd5 $16 31. Ne3+ Ke4 32. Rxa5 bxa5 {[%mdl 4096] Endgame KBN-KBN} 33. Bc5 Nf5 (33... f5 $16) 34. Nd1 $18 g5 (34... Ke5 $16 {might work better.} 35. Ke1 Nd6) 35. Nc3+ Ke5 36. Bb6 Nd4 37. Bc7+ Kf5 38. Bxa5 Nxc2 39. Nd1 Bc8 40. f3 Ba6+ 41. Kf2 Ke6 (41... Kg6 $16 42. Nc3 Nd4) 42. Bc3 (42. Nc3 $18 {has better winning chances.}) 42... Na3 43. Ne3 Bd3 (43... Nb5 $16 44. Ba5 Nd6) 44. Bb4 (44. Bb2 $18) 44... Nc2 45. Bc5 Nxe3 46. Kxe3 $16 {KB-KB} Bf1 47. Kf2 Bd3 48. a3 (48. a4 $16) 48... Ba6 ({Better is} 48... Bc2 $14) 49. a4 f5 50. b4 ({White should try} 50. Ke3 $16) 50... f4 $1 $14 51. Bb6 Kf5 52. Bd8 Bc4 53. a5 Bb5 54. Ke1 Kg6 55. Kd2 Bf1 56. Ke1 (56. Bb6 $16) 56... Bxg2 (56... Bb5 $1 $11 {keeps the balance.}) 57. a6 $16 Bxf3 {[#]} 58. a7 (58. Be7 $1 $16 {[%cal Re7c5]} g4 59. Kf2) 58... c5 $1 $11 {[%cal Rc5b4] The position is equal.} 59. bxc5 Bc6 60. Kf2 Kh5 61. Bc7 Kg6 62. Bd8 g4 63. hxg4 h3 {Hoping for ...h2.} 64. Kg1 f3 $1 $132 {[%mdl 2048] ( -> ...h2+!). Black puts up resistance} 65. Bh4 {Kh2 is the strong threat.} f2+ $1 66. Bxf2 {aiming for Be3.} Kg5 67. Kh2 Kxg4 {Accuracy: White = 60%, Black = 42%.} 1/2-1/2

[Event "GCT Saint Louis Blitz 2019"]
[Site "Saint Louis"]
[Date "2019.08.13"]
[Round "1"]
[White "Dominguez Perez, Leinier"]
[Black "Mamedyarov, Shakhriyar"]
[Result "0-1"]
[WhiteElo "2763"]
[BlackElo "2764"]
[Annotator "ChessBase"]
[PlyCount "88"]
[EventDate "2019.08.13"]
[EventType "tourn"]
[EventCountry "USA"]
[SourceTitle "playchess.com"]
[Source "ChessBase"]
[SourceQuality "1"]
[TimeMode "Bronstein"]
[TimeControl "300+3"]

1. e4 {[%emt 0:00:00]} e5 {[%emt 0:00:00]} 2. Nf3 {[%emt 0:00:00]} Nc6 {[%emt 0:00:00]} 3. Bc4 {[%emt 0:00:00]} Bc5 {[%emt 0:00:00]} 4. c3 {[%emt 0:00:00]} Nf6 {[%emt 0:00:00]} 5. d3 {[%emt 0:00:00]} d6 {[%emt 0:00:00]} 6. Nbd2 {[%emt 0:00:00]} a5 {[%emt 0:00:06]} 7. O-O {[%emt 0:00:00]} O-O {[%emt 0:00:06]} 8. h3 {[%emt 0:00:00]} h6 {[%emt 0:00:09]} 9. Re1 {[%emt 0:00:00]} Be6 {[%emt 0:00:08]} 10. Bb5 {[%emt 0:00:00]} Qb8 {[%emt 0:00:03]} 11. Nf1 {[%emt 0:00:00]} Qa7 {[%emt 0:00:06]} 12. Qd2 {[%emt 0:00:00]} a4 {[%emt 0:00:13]} 13. Ng3 {[%emt 0:00:00]} Rfd8 {[%emt 0:00:13]} 14. Bxc6 {[%emt 0:00:38]} bxc6 {[%emt 0:00:03]} 15. d4 {[%emt 0:00:50]} Bb6 {[%emt 0:00:09]} 16. Qd1 {[%emt 0:00:22]} exd4 {[%emt 0:00:09]} 17. Nxd4 {[%emt 0:00:11]} Re8 {[%emt 0:00:22]} 18. Be3 {[%emt 0:00:03]} c5 {[%emt 0:00:06]} 19. Nxe6 {[%emt 0:00:47]} Rxe6 {[%emt 0:00:03]} 20. Qc2 {[%emt 0:00:03]} Rae8 {[%emt 0:00:04]} 21. f3 {[%emt 0:00:04]} d5 {[%emt 0:00:03]} 22. Bf2 {[%emt 0:00:10]} c4 {[%emt 0:00:22]} 23. Rad1 {[%emt 0:00:31]} h5 {[%emt 0:00:03]} 24. Kf1 {[%emt 0:00:22]} h4 {[%emt 0:00:08]} 25. Nf5 {[%emt 0:00:12]} dxe4 {[%emt 0:00:03]} 26. Bxh4 {[%emt 0:00:08]} Qa5 {[%emt 0:00:29]} 27. Bxf6 {[%emt 0:00:12]} Rxf6 {[%emt 0:00:03]} 28. fxe4 {[%emt 0:00:14]} g6 {[%emt 0:00:16]} 29. g4 {[%emt 0:00:08]} gxf5 {[%emt 0:00:34]} 30. exf5 {[%emt 0:00:03]} Rxe1+ {[%emt 0:00:10]} 31. Rxe1 {[%emt 0:00:03]} Qc5 {[%emt 0:00:06]} 32. Kg2 {[%emt 0:00:08]} Rd6 {[%emt 0:00:03]} 33. Qe2 {[%emt 0:00:09]} Kh7 {[%emt 0:00:14]} 34. Rf1 {[%emt 0:00:14]} Rd3 {[%emt 0:00:04]} 35. Qe4 {[%emt 0:00:13]} Qe3 {[%emt 0:00:37]} 36. Qxe3 {[%emt 0:00:09]} Rxe3 {[%emt 0:00:03]} 37. Rf2 {[%emt 0:00:08]} Rxh3 {[%emt 0:00:08]} 38. Rf4 {[%emt 0:00:03]} Rd3 {[%emt 0:00:34]} 39. Rxc4 {[%emt 0:00:03]} Rd2+ {[%emt 0:00:03]} 40. Kg3 {[%emt 0:00:03]} Rxb2 {[%emt 0:00:03]} 41. Rxa4 {[%emt 0:00:03]} Rc2 {[%emt 0:00:07]} 42. Rc4 {[%emt 0:00:05]} Rxa2 {[%emt 0:00:09]} 43. g5 {[%emt 0:00:03]} Kg7 {[%emt 0:00:03]} 44. Kg4 Rc2 0-1

[Event "GCT Saint Louis Blitz 2019"]
[Site "Saint Louis"]
[Date "2019.08.13"]
[Round "1"]
[White "Yu, Yangyi"]
[Black "Ding, Liren"]
[Result "1/2-1/2"]
[WhiteElo "2752"]
[BlackElo "2805"]
[Annotator "TA"]
[PlyCount "49"]
[EventDate "2019.08.13"]
[EventType "tourn"]
[EventCountry "USA"]
[SourceTitle "playchess.com"]
[Source "ChessBase"]
[SourceQuality "1"]

{[%evp 9,49,0,15,15,20,10,27,14,21,21,21,21,26,22,33,24,21,23,27,20,36,12,14,20,19,24,19,12,33,22,31,23,30,14,20,21,19,19,17,9,8,0]} 1. e4 c6 2. d3 d5 3. f4 (3. Nd2 e5 4. Ngf3 Bd6 5. d4 exd4 6. exd5 Nf6 7. Nc4 Bb4+ 8. Bd2 Bxd2+ 9. Qxd2 cxd5 10. Nce5 O-O 11. O-O-O Nc6 12. Nxc6 bxc6 13. Qxd4 Bg4 14. Bd3 {1-0 (38) Carlsen,M (2832)-So,W (2815) chess.com INT 2017}) 3... dxe4 4. dxe4 Qxd1+ 5. Kxd1 e5 6. fxe5 {B10: Caro-Kann: 2 d3 and 2 c4} Be6 7. Nf3 Nd7 8. Be3 {White has an edge.} Ne7 9. Nbd2 Ng6 10. Bc4 $146 ({Predecessor:} 10. Bd4 Rd8 11. g3 Bg4 12. e6 Nde5 13. exf7+ Kxf7 14. Be2 Bxf3 15. Rf1 Rxd4 16. Bxf3 Nxf3 17. Rxf3+ Ke6 18. Ke2 Be7 19. Raf1 Rf8 20. Rf5 Rxe4+ {0-1 (20) Cavezzana,D (1746)-Cipollaro,G Senigallia 2010}) 10... Ndxe5 11. Bxe6 fxe6 12. Nxe5 Nxe5 13. Ke2 Ng4 14. Bf4 O-O-O 15. Rhf1 Bd6 16. h3 Bxf4 17. Rxf4 Ne5 18. Nf3 Ng6 19. Rf7 Rd7 20. Rxd7 Kxd7 21. g3 Ke7 {The position is equal.} 22. Rd1 Rd8 23. Rxd8 Kxd8 24. h4 Ke7 25. Ke3 {Accuracy: White = 55%, Black = 63%.} 1/2-1/2

[Event "GCT Saint Louis Blitz 2019"]
[Site "Saint Louis"]
[Date "2019.08.13"]
[Round "2"]
[White "Caruana, Fabiano"]
[Black "Yu, Yangyi"]
[Result "0-1"]
[WhiteElo "2818"]
[BlackElo "2736"]
[Annotator "TA"]
[PlyCount "84"]
[EventDate "2019.08.13"]
[EventType "tourn"]
[EventCountry "USA"]
[SourceTitle "playchess.com"]
[Source "ChessBase"]
[SourceQuality "1"]

{[%evp 17,84,9,34,14,17,18,29,-16,13,22,58,31,23,22,58,51,51,24,56,62,54,48,129,14,47,0,2,-53,0,0,0,0,22,-12,4,0,19,-35,-36,-38,0,-35,-26,-268,-270,-260,-258,-311,-291,-516,-513,-575,-570,-578,-600,-584,-579,-1010,-214,-1275,-1067,-1044,-993,-29990,-29991,-29997,-29986,-29993,-29994]} 1. e4 c5 2. Nf3 e6 3. d4 cxd4 4. Nxd4 Nf6 5. Nc3 Nc6 6. Ndb5 Bb4 7. a3 Bxc3+ 8. Nxc3 d5 9. Bd3 O-O 10. O-O {B45: Sicilian Four Knights} d4 11. Ne2 e5 12. Ng3 {White has an edge.} Nd7 (12... h6 13. Bd2 Be6 14. h3 Nd7 15. Qe2 Rc8 16. Rac1 Nc5 17. b4 Nxd3 18. cxd3 {0-1 (59) Sanal,V (2490)-Kovalenko,I (2657) St Petersburg 2018}) 13. b4 Ne7 $146 ({Predecessor:} 13... a5 14. Bd2 Nb6 15. Nf5 g6 16. Ng3 axb4 17. axb4 Rxa1 18. Qxa1 {1-0 (54) Szwed,J (2251)-Langner,L (2366) Czechia 2013}) 14. a4 Ng6 15. a5 Re8 16. c3 Nf6 17. Bb2 Bg4 18. f3 dxc3 $1 19. Bxc3 Rc8 (19... Be6 $14) 20. Bb2 (20. fxg4 $16 {aiming for Bb2.} Rxc3 21. Bb5) 20... Bd7 21. Ne2 Qe7 $36 {[%mdl 2048] Black is pushing.} 22. Ba3 ({White should try} 22. Qb3 $11) 22... Red8 (22... Nh5 $1 $15) 23. b5 $11 Qe6 24. Qb1 h5 25. Rd1 h4 26. Qb2 Nh7 27. Rac1 (27. Nc3 $11) 27... Ng5 $15 28. Rxc8 Bxc8 29. Qc1 Qf6 {[#] White must now prevent ...Nxf3+!} 30. Bc4 $2 (30. Qe3 $11 {and White has nothing to worry.}) 30... h3 $19 31. Rxd8+ Qxd8 32. Bc5 hxg2 ({Weaker is} 32... Qxa5 33. Be3 $15) 33. Kxg2 $2 (33. Be3 Nxf3+ 34. Kxg2 Ngh4+ 35. Kf2) 33... Nh4+ 34. Kf2 {If only White now had time for Ng1....} Qf6 {And now ...Nxe4+ would win.} 35. Ke1 Nhxf3+ {[%mdl 64] [#] Double Attack} 36. Kd1 Nxe4 37. Bxa7 Bf5 $2 (37... Qd8+ 38. Kc2 Qxa5) 38. Qe3 $2 (38. Ng3) 38... Qd6+ 39. Kc1 Qb4 40. Bb3 Qa3+ {Black mates.} 41. Kd1 Qxa5 42. Ng3 Nc3+ {Accuracy: White = 26%, Black = 33%.} 0-1

[Event "GCT Saint Louis Blitz 2019"]
[Site "Saint Louis"]
[Date "2019.08.13"]
[Round "2"]
[White "Ding, Liren"]
[Black "Dominguez Perez, Leinier"]
[Result "1-0"]
[WhiteElo "2805"]
[BlackElo "2763"]
[Annotator "TA"]
[PlyCount "53"]
[EventDate "2019.08.13"]
[EventType "tourn"]
[EventCountry "USA"]
[SourceTitle "playchess.com"]
[Source "ChessBase"]
[SourceQuality "1"]

{[%evp 12,53,27,22,13,0,0,0,0,-1,0,-7,8,0,0,0,0,0,13,0,4,0,25,14,35,35,67,80,69,68,79,62,68,26,43,43,50,39,117,120,174,158,1222,1204]} 1. c4 e6 2. Nc3 d5 3. d4 Nf6 4. cxd5 Nxd5 5. e4 Nxc3 6. bxc3 c5 7. Rb1 Be7 {D35: Queen's Gambit Declined: Exchange Variation} 8. Nf3 O-O 9. Be2 b6 {The position is equal.} 10. O-O Bb7 11. Qd3 Ba6 12. Qe3 Bxe2 13. Qxe2 cxd4 14. cxd4 Nd7 $146 ({Predecessor:} 14... Qc7 15. d5 exd5 16. exd5 {1-0 (42) Gustafsson,J (2641)-Eichler,C (2315) Germany 2018}) 15. Rd1 Rc8 16. Bf4 Re8 17. h3 Bf8 18. Qa6 Rc3 19. Qxa7 Ra3 20. Qb7 Rxa2 21. Rdc1 $36 {[%mdl 2048] White is pushing.} Nf6 22. Rc7 Qa8 23. Rxf7 Nxe4 24. Rxb6 Ra1+ (24... Rxf2 $14 25. Qd7 Qc8) 25. Kh2 $16 Nxf2 (25... Ra2 $16 26. Qc7 Qd8) 26. Be5 $18 {[#] White wants to mate with Rxf8+!} Ra7 $2 (26... Qxb7 $16 27. Rbxb7 Rh1+ 28. Kg3 Ne4+ 29. Kh4 Rf1) 27. Qxa7 {Accuracy: White = 44%, Black = 35%.} 1-0

[Event "GCT Saint Louis Blitz 2019"]
[Site "Saint Louis"]
[Date "2019.08.13"]
[Round "2"]
[White "Mamedyarov, Shakhriyar"]
[Black "Aronian, Levon"]
[Result "0-1"]
[WhiteElo "2764"]
[BlackElo "2765"]
[Annotator "TA"]
[PlyCount "44"]
[EventDate "2019.08.13"]
[EventType "tourn"]
[EventCountry "USA"]
[SourceTitle "playchess.com"]
[Source "ChessBase"]
[SourceQuality "1"]

{[%evp 19,164,0,0,0,0,0,0,-16,-7,-21,-17,-18,-30,-95,-122,-91,-69,-192,-59,-99,-104,-114,-94,-145,-148,-106,-98,-149,-124,-202,-189,-248,-210,-261,-189,-198,-218,-223,-74,-89,-89,-89,-89,-89,-89,-89,-89,-89,-89,-89,-89,-89,-89,-89,-52,-52,-52,-55,-44,-44,-44,-44,-44,-169,-125,-263,-180,-190,-162,-162,-187,-222,-215,-470,-409,-535,-210,-192,-91,-125,-91,-344,-29,-27,-18,-29,-8,0,0,0,0,0,0,-29,-26,-37,-37,-37,-37,-37,-37,-37,0,-336,-325,-584,-584,-1757,-1757,-1757,-1735,-29965,-29966,-29969,-29958,-29967,-29968,-29967,-29966,-29973,-1445,-1459,-896,-29976,-29977,-29980,-29981,-29981,-29982,-29984,-29985,-29986,-29987,-29986,-29984,-29984,-29984,-29984,-29983,-29983,-29982,-29982,-29983,-29983,-29984,-29984,-29985]} 1. d4 Nf6 2. Nf3 d5 3. g3 e6 4. Bg2 Be7 5. O-O O-O 6. c4 dxc4 7. Ne5 Nc6 8. Nxc6 bxc6 9. Na3 Bxa3 10. bxa3 Ba6 11. Qd2 {E05: Open Catalan: 5 Nf3 Be7} Rb8 12. Qa5 Qc8 13. a4 {The position is equal.} Rd8 14. Rd1 {[#]} c3 $1 {[%mdl 512] [#]} 15. Bg5 $146 (15. Qxc3 Bxe2) ({Predecessor:} 15. Qxc3 Bxe2 16. Re1 Qa6 17. Bg5 Qc4 18. Rac1 Qxc3 19. Rxc3 Rb2 20. Rxc6 h6 21. Bxf6 gxf6 22. Rxc7 a6 23. d5 exd5 24. Bf1 Bxf1 {½-½ (24) Van Wely,L (2667)-Kryvoruchko,Y (2705) Brest 2018}) 15... Bxe2 16. Bxf6 (16. Rdc1 $11 {remains equal.}) 16... gxf6 $17 17. Re1 Bc4 18. Qh5 (18. Qxc3 $15 Bd5 19. Bxd5 Rxd5 20. Re4) 18... Bd5 (18... Rxd4 $19 {Threatens to win with ...Bd5.} 19. Be4 Qd8 20. Qxh7+ Kf8) 19. Bf1 Rd6 20. Qh6 f5 21. Rac1 ({Better is} 21. Qg5+ Kf8 22. Qh6+ Kg8 23. Qg5+ Kf8 24. Qh6+ Ke7 25. Qxh7) 21... Qf8 22. Qe3 Bxa2 {Played: Qf8-g7} 0-1